Statistics for People with Lady Gaga

Click here to take the quiz!

General Stats

  • This quiz has been taken 40 times
  • The average score is 11 of 16

Answer Stats

Answer% Correct
Elton John
100%
Joe Biden
97%
Justin Bieber
95%
Hillary Clinton
89%
Queen Elizabeth II
86%
Jared Leto
78%
Donatella Versace
76%
Adam Driver
73%
Jake Gyllenhaal
70%
Paul McCartney
70%
Liza Minnelli
68%
Dalai Lama
65%
Lin-Manuel Miranda
49%
Naomi Campbell
41%
Helen Mirren
38%
R. Kelly
35%

Score Distribution

Percentile by Number Answered

Percent of People with Each Score

Your Score History

You have not taken this quiz